Alle Vereine, gegen die Mario Gomez getroffen hat - Statistiken

Allgemein
  • Dieses Quiz wurde 132 mal gespielt
  • Das Durchschnittsergebnis liegt bei 39 aus 113
Antwortstatistiken
Wettbewerb Land Tore Verein % Korrekt
Alle Vereine, gegen die Mario Gomez getroffen hat 4 FC Bayern München
97%
Alle Vereine, gegen die Mario Gomez getroffen hat 1 FC Bayern München
97%
Alle Vereine, gegen die Mario Gomez getroffen hat 7 Borussia Dortmund
85%
Alle Vereine, gegen die Mario Gomez getroffen hat 6 Hamburger SV
78%
Alle Vereine, gegen die Mario Gomez getroffen hat 5 FC Schalke 04
77%
Alle Vereine, gegen die Mario Gomez getroffen hat 6 Borussia Mönchengladbach
74%
Alle Vereine, gegen die Mario Gomez getroffen hat 7 1. FC Köln
73%
Alle Vereine, gegen die Mario Gomez getroffen hat 9 SV Werder Bremen
72%
Alle Vereine, gegen die Mario Gomez getroffen hat 7 VfB Stuttgart
69%
Alle Vereine, gegen die Mario Gomez getroffen hat DFB-Pokal 4 VfB Stuttgart
69%
Alle Vereine, gegen die Mario Gomez getroffen hat 11 Hertha BSC
65%
Alle Vereine, gegen die Mario Gomez getroffen hat ITA 1 Juventus Turin
62%
Alle Vereine, gegen die Mario Gomez getroffen hat ITA 1 Juventus Turin
62%
Alle Vereine, gegen die Mario Gomez getroffen hat 8 VfL Wolfsburg
62%
Alle Vereine, gegen die Mario Gomez getroffen hat 3 VfL Wolfsburg
62%
Alle Vereine, gegen die Mario Gomez getroffen hat 8 Eintracht Frankfurt
61%
Alle Vereine, gegen die Mario Gomez getroffen hat 6 1. FC Nürnberg
60%
Alle Vereine, gegen die Mario Gomez getroffen hat 1 1. FC Nürnberg
60%
Alle Vereine, gegen die Mario Gomez getroffen hat Bundesliga 12 SC Freiburg
59%
Alle Vereine, gegen die Mario Gomez getroffen hat ITA 2 Inter Mailand
58%
Alle Vereine, gegen die Mario Gomez getroffen hat 4 1. FSV Mainz 05
56%
Alle Vereine, gegen die Mario Gomez getroffen hat 12 Hannover 96
56%
Alle Vereine, gegen die Mario Gomez getroffen hat 1 Hannover 96
56%
Alle Vereine, gegen die Mario Gomez getroffen hat 2. Bundesliga (inkl. Relegation) 1 1. FC Union Berlin
55%
Alle Vereine, gegen die Mario Gomez getroffen hat Bundesliga 1 RB Leipzig
55%
Alle Vereine, gegen die Mario Gomez getroffen hat 8 1. FC Kaiserslautern
54%
Alle Vereine, gegen die Mario Gomez getroffen hat 6 FC Augsburg
54%
Alle Vereine, gegen die Mario Gomez getroffen hat 1 FC Augsburg
54%
Alle Vereine, gegen die Mario Gomez getroffen hat ESP 1 Real Madrid
54%
Alle Vereine, gegen die Mario Gomez getroffen hat 4 VfL Bochum
54%
Alle Vereine, gegen die Mario Gomez getroffen hat 1 VfL Bochum
54%
Alle Vereine, gegen die Mario Gomez getroffen hat Serie A 1 AS Rom
52%
Alle Vereine, gegen die Mario Gomez getroffen hat Coppa Italia 2 AS Rom
52%
Alle Vereine, gegen die Mario Gomez getroffen hat ITA 2 AS Rom
52%
Alle Vereine, gegen die Mario Gomez getroffen hat 1 SV Darmstadt 98
50%
Alle Vereine, gegen die Mario Gomez getroffen hat 1 SV Darmstadt 98
50%
Alle Vereine, gegen die Mario Gomez getroffen hat 2 Galatasaray Istanbul
48%
Alle Vereine, gegen die Mario Gomez getroffen hat 1 Eintracht Braunschweig
46%
Alle Vereine, gegen die Mario Gomez getroffen hat 1 Eintracht Braunschweig
46%
Alle Vereine, gegen die Mario Gomez getroffen hat 1 FC Rot-Weiß Erfurt
46%
Alle Vereine, gegen die Mario Gomez getroffen hat 1 TSV 1860 München
45%
Alle Vereine, gegen die Mario Gomez getroffen hat ESP 1 FC Barcelona
44%
Alle Vereine, gegen die Mario Gomez getroffen hat 1 SC Paderborn 07
44%
Alle Vereine, gegen die Mario Gomez getroffen hat 2 FC Hansa Rostock
43%
Alle Vereine, gegen die Mario Gomez getroffen hat ITA 3 SSC Neapel
41%
Alle Vereine, gegen die Mario Gomez getroffen hat UEFA Champions League SUI 4 FC Basel
40%
Alle Vereine, gegen die Mario Gomez getroffen hat SCO 1 Glasgow Rangers
40%
Alle Vereine, gegen die Mario Gomez getroffen hat 3 Arminia Bielefeld
39%
Alle Vereine, gegen die Mario Gomez getroffen hat 2. Bundesliga (inkl. Relegation) 1 Arminia Bielefeld
39%
Alle Vereine, gegen die Mario Gomez getroffen hat 2 Fenerbahçe Istanbul
39%
Alle Vereine, gegen die Mario Gomez getroffen hat ENG 2 Manchester City
38%
Alle Vereine, gegen die Mario Gomez getroffen hat 1 FC Energie Cottbus
36%
Alle Vereine, gegen die Mario Gomez getroffen hat UKR 1 Dynamo Kiew
35%
Alle Vereine, gegen die Mario Gomez getroffen hat 1 FC Ingolstadt 04
35%
Alle Vereine, gegen die Mario Gomez getroffen hat 2 Karlsruher SC
35%
Alle Vereine, gegen die Mario Gomez getroffen hat 3 MSV Duisburg
35%
Alle Vereine, gegen die Mario Gomez getroffen hat 1 Alemannia Aachen
32%
Alle Vereine, gegen die Mario Gomez getroffen hat 1 Alemannia Aachen
32%
Alle Vereine, gegen die Mario Gomez getroffen hat 1 1. FC Heidenheim
30%
Alle Vereine, gegen die Mario Gomez getroffen hat Bundesliga 12 Bayer 04 Leverkusen
30%
Alle Vereine, gegen die Mario Gomez getroffen hat Süper Lig 1 Trabzonspor
29%
Alle Vereine, gegen die Mario Gomez getroffen hat UEFA Europa League ENG 1 Tottenham Hotspur
28%
Alle Vereine, gegen die Mario Gomez getroffen hat 3 FC St. Pauli
27%
Alle Vereine, gegen die Mario Gomez getroffen hat 2. Bundesliga (inkl. Relegation) 1 FC St. Pauli
27%
Alle Vereine, gegen die Mario Gomez getroffen hat FRA 2 Olympique Lyon
27%
Alle Vereine, gegen die Mario Gomez getroffen hat POR 1 Sporting Lissabon
27%
Alle Vereine, gegen die Mario Gomez getroffen hat UEFA Europa League RUS 1 Zenit St. Petersburg
27%
Alle Vereine, gegen die Mario Gomez getroffen hat 1 Antalyaspor
26%
Alle Vereine, gegen die Mario Gomez getroffen hat UEFA Champions League SUI 1 FC Zürich
25%
Alle Vereine, gegen die Mario Gomez getroffen hat 2 Udinese Calcio
25%
Alle Vereine, gegen die Mario Gomez getroffen hat 9 TSG 1899 Hoffenheim
24%
Alle Vereine, gegen die Mario Gomez getroffen hat 3 TSG 1899 Hoffenheim
24%
Alle Vereine, gegen die Mario Gomez getroffen hat 2 Istanbul Başakşehir
23%
Alle Vereine, gegen die Mario Gomez getroffen hat FRA 1 Olympique Marseille
22%
Alle Vereine, gegen die Mario Gomez getroffen hat Coppa Italia 2 Atalanta Bergamo
21%
Alle Vereine, gegen die Mario Gomez getroffen hat 3 SSV Jahn Regensburg
21%
Alle Vereine, gegen die Mario Gomez getroffen hat 1 FC Erzgebirge Aue
19%
Alle Vereine, gegen die Mario Gomez getroffen hat SRB 2 FK Partizan Belgrad
19%
Alle Vereine, gegen die Mario Gomez getroffen hat 2 Bursaspor
18%
Alle Vereine, gegen die Mario Gomez getroffen hat Serie A 2 CFC Genua
18%
Alle Vereine, gegen die Mario Gomez getroffen hat 1 Cagliari Calcio
16%
Alle Vereine, gegen die Mario Gomez getroffen hat RUS 1 Lokomotive Moskau
16%
Alle Vereine, gegen die Mario Gomez getroffen hat ESP 1 FC Villarreal
14%
Alle Vereine, gegen die Mario Gomez getroffen hat 2. Bundesliga (inkl. Relegation) 1 SV Wehen Wiesbaden
14%
Alle Vereine, gegen die Mario Gomez getroffen hat 1 Konyaspor
12%
Alle Vereine, gegen die Mario Gomez getroffen hat 1 VfR Aalen
12%
Alle Vereine, gegen die Mario Gomez getroffen hat ROM 4 CFR Cluj
11%
Alle Vereine, gegen die Mario Gomez getroffen hat 2 Sivasspor
11%
Alle Vereine, gegen die Mario Gomez getroffen hat 2 TuS Koblenz
11%
Alle Vereine, gegen die Mario Gomez getroffen hat 2 FC Carl Zeiss Jena
10%
Alle Vereine, gegen die Mario Gomez getroffen hat 1 Rot-Weiß Oberhausen
9%
Alle Vereine, gegen die Mario Gomez getroffen hat 2 Ankaraspor
8%
Alle Vereine, gegen die Mario Gomez getroffen hat 2 Gaziantepspor
8%
Alle Vereine, gegen die Mario Gomez getroffen hat 1 Kasımpaşa
8%
Alle Vereine, gegen die Mario Gomez getroffen hat Regionalliga Süd 4 SV 07 Elversberg
8%
Alle Vereine, gegen die Mario Gomez getroffen hat Regionalliga Süd 1 1. FC Schweinfurt 05
7%
Alle Vereine, gegen die Mario Gomez getroffen hat 1 Chievo Verona
6%
Alle Vereine, gegen die Mario Gomez getroffen hat BLR 1 FK BATE Baryssau
6%
Alle Vereine, gegen die Mario Gomez getroffen hat 2 Kayserispor
6%
Alle Vereine, gegen die Mario Gomez getroffen hat Süper Lig 4 Eskisehirspor
4%
Alle Vereine, gegen die Mario Gomez getroffen hat 1 SV Babelsberg 03
4%
Alle Vereine, gegen die Mario Gomez getroffen hat UEFA Europa League BUL 3 Tscherno More Warna
4%
Alle Vereine, gegen die Mario Gomez getroffen hat 1 Gençlerbirliği
3%
Alle Vereine, gegen die Mario Gomez getroffen hat ROM 2 Rapid Bukarest
3%
Alle Vereine, gegen die Mario Gomez getroffen hat 2 1. FC Eschborn
2%
Alle Vereine, gegen die Mario Gomez getroffen hat HUN 2 Győri ETO FC
2%
Alle Vereine, gegen die Mario Gomez getroffen hat 1 Akhisarspor
1%
Alle Vereine, gegen die Mario Gomez getroffen hat 2 Lüneburger SK Hansa
1%
Alle Vereine, gegen die Mario Gomez getroffen hat 2 SC Pfullendorf
1%
Alle Vereine, gegen die Mario Gomez getroffen hat 2 SV Darmstadt 98
1%
Alle Vereine, gegen die Mario Gomez getroffen hat 3 SV Werder Bremen II
1%
Alle Vereine, gegen die Mario Gomez getroffen hat DFB-Pokal 1 TSV Germania Windeck
1%
Alle Vereine, gegen die Mario Gomez getroffen hat 2 SpVgg Neckarelz
0%
Keine übereinstimmenden Quizze gefunden
Verteilung der Resultate
Anzahl Personen mit jedem Resultat
Perzentil nach korrekt beantworteten Fragen
Ihre Resultats-Entwicklung
Sie haben dieses Quiz noch nicht gespielt